[Event "Open Semana Santa 2023"]
[Site "?"]
[Date "2023.04.06"]
[Round "3.124"]
[White "Dura Olmos, Gines Raul"]
[Black "Stalhandske, Julien"]
[Result "1-0"]
[WhiteElo "2044"]
[BlackElo "1699"]
[PlyCount "185"]

1. e4 e5 2. Nf3 Nc6 3. Bb5 a6 4. Ba4 Nf6 5. O-O Be7 6. Re1 b5 7. Bb3 d6 8. c3
O-O 9. h3 Nb8 10. d4 Nbd7 11. Bg5 Bb7 12. Nbd2 h6 13. Bh4 Re8 14. Bg3 Bf8 15.
a4 g6 16. Qe2 exd4 17. cxd4 Nxe4 18. Nxe4 Rxe4 19. Qd3 Nf6 20. axb5 axb5 21.
Nd2 Rxe1+ 22. Rxe1 Bd5 23. Bxd5 Nxd5 24. Qxb5 Nf6 25. Ne4 Bg7 26. Nxf6+ Bxf6
27. Qd5 Rb8 28. Re2 Kg7 29. Bf4 Rb4 30. Be3 Qb8 31. Bxh6+ Kxh6 32. Qxf7 Qh8 33.
Re6 Qg7 34. Qxf6 Qxf6 35. Rxf6 Rxd4 36. Rf3 Rd1+ 37. Kh2 d5 38. Rc3 Rd2 39. Kg3
Rxb2 40. Rxc7 d4 41. Rd7 Rd2 42. h4 Rd1 43. Kf3 Rd2 44. g4 g5 45. Rd6+ Kg7 46.
h5 Rd3+ 47. Ke2 Ra3 48. Rxd4 Ra6 49. Rd5 Kh6 50. Ke3 Re6+ 51. Kd4 Rf6 52. Rf5
Ra6 53. f3 Ra4+ 54. Ke3 Ra3+ 55. Kf2 Ra2+ 56. Kg3 Ra6 57. Re5 Rf6 58. Re4 Ra6
59. Re2 Rb6 60. Rf2 Rb3 61. Re2 Rb6 62. Re5 Rf6 63. Kf2 Ra6 64. Rd5 Rb6 65. Ke3
Re6+ 66. Kd3 Rf6 67. Ke4 Rf4+ 68. Ke3 Rf6 69. Re5 Ra6 70. Ke4 Ra4+ 71. Kd5 Rf4
72. Re6+ Kh7 73. Rg6 Rxf3 74. Rxg5 Ra3 75. Ke5 Ra5+ 76. Kf4 Ra4+ 77. Kg3 Ra3+
78. Kh4 Ra1 79. Rf5 Kh6 80. Rf6+ Kg7 81. Kg5 Ra5+ 82. Rf5 Ra6 83. h6+ Kh7 84.
Rf7+ Kg8 85. Rb7 Rc6 86. Kh5 Rc5+ 87. g5 Kh8 88. Rf7 Rc6 89. Rf8+ Kh7 90. g6+
Rxg6 91. Rf7+ Rg7 92. Rxg7+ Kh8 93. Ra7 1-0

[Event "Open Semana Santa 2023"]
[Site "?"]
[Date "2023.04.06"]
[Round "3.125"]
[White "Groapa, Aurelian"]
[Black "Houhou, Alexandre"]
[Result "0-1"]
[WhiteElo "1692"]
[BlackElo "2038"]
[PlyCount "74"]
[EventDate "2023.??.??"]

1. e4 c5 2. Nc3 Nc6 3. Nf3 d6 4. d4 cxd4 5. Nxd4 Nf6 6. Be2 g6 7. Bf3 e5 8.
Nxc6 bxc6 9. O-O Bg7 10. Be3 O-O 11. h3 Bb7 12. Re1 Re8 13. Qd2 d5 14. Bg5 d4
15. Na4 Qd6 16. Bxf6 Bxf6 17. b4 Be7 18. Nc5 Bc8 19. Be2 Qc7 20. Nd3 a5 21. a3
Be6 22. Rab1 axb4 23. axb4 Reb8 24. f4 f6 25. Rf1 Kg7 26. fxe5 fxe5 27. Rb2 Ra3
28. Kh1 Rc3 29. Bd1 Bc4 30. Be2 Bxd3 31. Bxd3 Bxb4 32. Qf2 Qe7 33. Ra1 Rxd3 34.
Rxb4 Rxh3+ 35. gxh3 Qxb4 36. Qh2 Rf8 37. h4 Rf4 0-1

[Event "Open Semana Santa 2023"]
[Site "?"]
[Date "2023.04.06"]
[Round "3.126"]
[White "Aymerich Rosell, Pablo"]
[Black "Persson Bogdanovic, Nils Oskar"]
[Result "1-0"]
[WhiteElo "2037"]
[BlackElo "1690"]
[PlyCount "97"]

1. e4 c5 2. Nf3 e6 3. d4 cxd4 4. Nxd4 Bc5 5. Be3 Qb6 6. Na3 a6 7. Nc4 Qc7 8.
Qg4 g6 9. e5 b5 10. Nd6+ Bxd6 11. exd6 Qxd6 12. O-O-O Nf6 13. Qh4 Nd5 14. Nb3
Qe7 15. Bg5 f6 16. Bh6 Nc6 17. Be2 Ne5 18. f4 Nf7 19. Bf3 g5 20. fxg5 fxg5 21.
Qd4 Bb7 22. Bg7 Rg8 23. Rhe1 Nd6 24. Be5 Nc4 25. Bh5+ Kd8 26. Bf3 Rf8 27. Nd2
Rc8 28. Qa7 d6 29. Nxc4 bxc4 30. Bg3 Rc7 31. Qb8+ Rc8 32. Qxd6+ Qxd6 33. Bxd6
Re8 34. Bh5 Rg8 35. Bf7 Kd7 36. Bg3 Rge8 37. Bxe8+ Rxe8 38. Rd4 Rc8 39. c3 a5
40. Ree4 Ba6 41. h4 gxh4 42. Rxh4 Rg8 43. Rdg4 Rxg4 44. Rxg4 Ne3 45. Rg7+ Kc6
46. Bf2 Nf5 47. Rxh7 Nd6 48. Re7 Kb5 49. a4+ 1-0

[Event "Open Semana Santa 2023"]
[Site "?"]
[Date "2023.04.06"]
[Round "3.127"]
[White "Bernardez Gonzalez, Roberto"]
[Black "Gonzalvez Tamarit, Ruben"]
[Result "0-1"]
[WhiteElo "1688"]
[BlackElo "2028"]
[PlyCount "81"]

1. c4 f5 2. g3 Nf6 3. Bg2 e6 4. b3 Be7 5. Bb2 d6 6. d4 O-O 7. Nf3 Qe8 8. O-O
Ne4 9. Nc3 Nxc3 10. Bxc3 g5 11. Rc1 Qh5 12. e3 g4 13. Nd2 Rf6 14. Re1 Rh6 15.
Nf1 c6 16. e4 Bg5 17. Bd2 Bd7 18. b4 Na6 19. b5 Nc7 20. bxc6 Bxc6 21. Rb1 Ne8
22. exf5 exf5 23. Rxb7 Nf6 24. Bxg5 Qxg5 25. Qb3 Re8 26. Rxe8+ Bxe8 27. Rb8 Kg7
28. Qb7+ Bf7 29. Qe7 Ne4 30. Qf8+ Kg6 31. Rb7 Qf6 32. Bxe4 fxe4 33. Ne3 Qf3 34.
Qxd6+ Kg7 35. Qe5+ Rf6 36. Qg5+ Rg6 37. Nf5+ Kh8 38. Rb8+ Bg8 39. Rxg8+ Kxg8
40. Qd8+ Kf7 41. Qe7+ 0-1

[Event "Open Semana Santa 2023"]
[Site "?"]
[Date "2023.04.06"]
[Round "3.128"]
[White "Fuentes Guinot, Alejandro"]
[Black "Montano Alvarez, Antonio Jose"]
[Result "1-0"]
[WhiteElo "2027"]
[BlackElo "1685"]
[PlyCount "69"]

1. d4 Nf6 2. Nf3 g6 3. Bf4 Bg7 4. e3 O-O 5. Be2 d6 6. O-O Nh5 7. Bg5 h6 8. Bh4
g5 9. Nfd2 Nf4 10. exf4 gxh4 11. Nb3 a5 12. a4 Nd7 13. N1d2 e5 14. fxe5 dxe5
15. c3 exd4 16. Nxd4 Ne5 17. N2b3 Qf6 18. Qc2 h3 19. g3 b6 20. f4 Ng4 21. Bf3
c5 22. Bxa8 cxd4 23. Nxd4 Ba6 24. Qe4 Bxf1 25. Rxf1 Qd6 26. Rd1 Rd8 27. Qf3 Ne3
28. Qxe3 Rxa8 29. Qe4 Rd8 30. b3 Qd7 31. Kf2 Re8 32. Qf3 Rd8 33. f5 Qd6 34. Qf4
Kf8 35. Ne6+ 1-0

[Event "Open Semana Santa 2023"]
[Site "?"]
[Date "2023.04.06"]
[Round "3.129"]
[White "Soler Nadal, Jose Antonio"]
[Black "Sperat Czar, Nicolas"]
[Result "0-1"]
[WhiteElo "1677"]
[BlackElo "2027"]
[PlyCount "58"]

1. d4 Nf6 2. Nf3 g6 3. Nc3 d5 4. Bg5 Bg7 5. Bxf6 Bxf6 6. h4 h5 7. Ne5 Nc6 8.
Nxc6 bxc6 9. Na4 e5 10. e3 exd4 11. exd4 Bxh4 12. Qe2+ Be7 13. O-O-O Kf8 14. g4
h4 15. f4 Kg7 16. g5 Bd6 17. Qf3 Bf5 18. Bd3 Qd7 19. Nc5 Bxc5 20. Bxf5 Qxf5 21.
dxc5 Rae8 22. Rde1 Re4 23. Rxe4 dxe4 24. Qe3 h3 25. Qd4+ Kh7 26. Qe3 Kg8 27.
Qd2 Rh4 28. Qe3 h2 29. Qd4 Qxf4+ 0-1

[Event "Open Semana Santa 2023"]
[Site "?"]
[Date "2023.04.06"]
[Round "3.130"]
[White "Mata Medina, Andres"]
[Black "Cuadrado Carmona, Javier"]
[Result "0-1"]
[WhiteElo "1673"]
[BlackElo "2023"]
[PlyCount "90"]

1. d4 Nf6 2. c4 g6 3. Nc3 d5 4. cxd5 Nxd5 5. Bd2 Bg7 6. e4 Nxc3 7. bxc3 O-O 8.
Nf3 c5 9. d5 e6 10. Bc4 exd5 11. Bxd5 Qe7 12. O-O Be6 13. Rb1 Nc6 14. Bxe6 fxe6
15. Qb3 Na5 16. Qa4 b6 17. e5 c4 18. Bg5 Qc7 19. Qb5 Rf5 20. Rfe1 Qc6 21. Bh4
Qxb5 22. Rxb5 Nc6 23. Re3 Rb8 24. g4 Rf4 25. Bg3 Rf7 26. Ng5 Re7 27. f4 Bh6 28.
Ne4 a6 29. Nf6+ Kh8 30. Rb2 Rf7 31. g5 Bf8 32. Ree2 b5 33. h4 b4 34. Rbc2 b3
35. Rb2 Rfb7 36. a4 Nd4 37. Re3 Nf5 38. Rf3 Rd8 39. Rb1 Rd2 40. Ne4 Re2 41. Nf2
Bc5 42. Kg2 Rd7 43. Ra1 b2 44. Rb1 Rdd2 45. Rf1 Ne3+ 0-1

[Event "Open Semana Santa 2023"]
[Site "?"]
[Date "2023.04.06"]
[Round "3.131"]
[White "CM Menac Comas, Joan Ramon"]
[Black "Mendez Gimenez, Nestor Emmanuel"]
[Result "0-1"]
[WhiteElo "2022"]
[BlackElo "1657"]
[PlyCount "110"]

1. Nf3 Nf6 2. c4 e6 3. b3 d5 4. Bb2 Be7 5. g3 c5 6. Bg2 Nc6 7. e3 dxc4 8. bxc4
Qd3 9. Na3 O-O 10. Qb3 Nb4 11. Ne5 Qf5 12. O-O Bd6 13. f4 Rd8 14. Rad1 a5 15.
e4 Qh5 16. d4 cxd4 17. Bf3 a4 18. Bxh5 axb3 19. Bxf7+ Kf8 20. axb3 Nxe4 21. Nb5
Bc5 22. Ba3 Nc3 23. Bxb4 Bxb4 24. Nxc3 Bxc3 25. Rf3 Ra1 26. Rxa1 Bxa1 27. Bh5
b6 28. Nd3 Bb7 29. Rf1 Bc3 30. Bf3 Bxf3 31. Rxf3 Ra8 32. Rf1 Ra3 33. Rb1 Ra2
34. b4 Rd2 35. c5 bxc5 36. Nxc5 d3 37. Nxe6+ Ke7 38. Ng5 Bd4+ 39. Kh1 Rc2 40.
Ne4 d2 41. Nxd2 Rxd2 42. b5 Rb2 43. Rxb2 Bxb2 44. Kg2 Kd6 45. Kf3 Kc5 46. h4
Kxb5 47. h5 Kc5 48. Ke4 Kd6 49. Kf3 Ke7 50. g4 Kf7 51. h6 g6 52. Ke4 Kf6 53.
Kf3 Ba3 54. Ke4 Bf8 55. g5+ Ke6 0-1

[Event "Open Semana Santa 2023"]
[Site "?"]
[Date "2023.04.06"]
[Round "3.132"]
[White "Jaime Galeano, Alcher"]
[Black "Sanleon Pravisano, Nieves"]
[Result "0-1"]
[WhiteElo "1672"]
[BlackElo "2020"]
[PlyCount "84"]

1. e4 e5 2. Nf3 Nc6 3. Nc3 Nf6 4. d4 exd4 5. Nxd4 Nxd4 6. Qxd4 d6 7. Bc4 Be7 8.
O-O O-O 9. f4 b6 10. Nd5 Be6 11. f5 Bd7 12. Nxf6+ Bxf6 13. Qe3 Qe7 14. Bd3 Bc6
15. c3 Rfe8 16. Re1 d5 17. exd5 Qd6 18. Qf2 Rxe1+ 19. Qxe1 Qxd5 20. Qf1 Rd8 21.
Bc2 Re8 22. Bf4 Bb5 23. Qd1 Qc5+ 24. Kh1 Re2 25. Bd3 Rxb2 26. Bxb5 Qxb5 27.
Bxc7 Qc6 28. Qf3 Qxc7 29. Re1 h6 30. Qe4 Qxc3 31. Rg1 Qc7 32. Qg4 Rxa2 33. h4
Ra1 34. Rxa1 Bxa1 35. h5 Be5 36. Qd1 b5 37. f6 Bxf6 38. g3 b4 39. Kg2 Qb7+ 40.
Kh2 b3 41. g4 b2 42. Qb1 Qc7+ 0-1

[Event "Open Semana Santa 2023"]
[Site "?"]
[Date "2023.04.06"]
[Round "3.133"]
[White "Follana Albelda, Lucia"]
[Black "Sanchez Pablo, Jorge"]
[Result "1/2-1/2"]
[WhiteElo "2018"]
[BlackElo "1654"]
[Annotator "Usuario"]
[PlyCount "177"]

1. e4 c6 2. d4 d5 3. Nc3 dxe4 4. Nxe4 Bf5 5. Ng3 Bg6 6. h4 h6 7. c3 e6 8. Bd3
Bxd3 9. Qxd3 Nf6 10. N1e2 Bd6 11. Bd2 Qc7 12. O-O-O Nbd7 13. Kb1 O-O-O 14. Ne4
Nxe4 15. Qxe4 Nf6 16. Qf3 Rd7 17. g4 h5 18. g5 Ne8 19. c4 g6 20. Nc3 Qd8 21.
Be3 Qa5 22. c5 Bb8 23. Ne4 Qd8 24. Rd2 Ng7 25. Nf6 Re7 26. b4 Qc7 27. Rb2 Rd8
28. Rc1 Nf5 29. Qe4 Ng7 30. b5 Ne8 31. bxc6 bxc6 32. Qd3 Qa5 33. Bd2 Qa4 34.
Rb4 Rb7 35. Rxb7 Kxb7 36. Rc4 Qd1+ 37. Kb2 Nxf6 38. Rb4+ Ka8 39. gxf6 Bf4 40.
Kc3 Qxd2+ 41. Qxd2 Bxd2+ 42. Kxd2 Rd5 43. a4 a5 44. Rc4 Rf5 45. Ke3 Rxf6 46.
Rc1 Rf5 47. Rb1 Rd5 48. Rb6 e5 49. Ke4 f5+ 50. Kf3 Rxd4 51. Rxc6 Rxh4 52. Ra6+
Kb7 53. Rxa5 Rc4 54. Rb5+ Kc6 55. Rb6+ Kxc5 56. Rxg6 Rxa4 57. Rg5 Rf4+ 58. Ke3
h4 59. f3 Kd6 60. Rh5 Ke6 61. Rh6+ Kf7 62. Rh7+ Kg6 63. Rh8 Ra4 64. Re8 f4+ 65.
Kf2 Ra2+ 66. Kg1 Re2 67. Rh8 Kg5 68. Rg8+ Kf5 69. Rf8+ Ke6 70. Rh8 Kd5 71. Rxh4
Kd4 72. Kf1 Ke3 73. Rh5 Rf2+ 74. Kg1 Rxf3 75. Rxe5+ $11 Kd4 76. Re8 Re3 77. Rh8
Re2 78. Kf1 Ra2 79. Rh3 Ke4 80. Rb3 Rh2 81. Ra3 Kf5 82. Kg1 Rd2 83. Kf1 Kg4 84.
Rb3 Rd5 85. Kf2 Rh5 86. Ra3 Rh2+ 87. Kf1 Rh3 88. Rxh3 Kxh3 89. Kf2 1/2-1/2

[Event "Open Semana Santa 2023"]
[Site "?"]
[Date "2023.04.06"]
[Round "3.134"]
[White "Perez Travieso, Saul"]
[Black "Cesar Maestre, Eduardo"]
[Result "1/2-1/2"]
[WhiteElo "2007"]
[BlackElo "1649"]
[PlyCount "102"]

1. d4 d5 2. c4 e6 3. Nc3 c6 4. Nf3 dxc4 5. g3 Nf6 6. Ne5 b5 7. Bg2 Nd5 8. O-O
Bb7 9. a4 a6 10. e4 Nxc3 11. bxc3 Nd7 12. f4 Be7 13. Qg4 O-O 14. f5 Nf6 15. Qe2
exf5 16. Rxf5 Qc7 17. Bg5 c5 18. Bxf6 Bxf6 19. Ng4 cxd4 20. Nxf6+ gxf6 21. Qg4+
Kh8 22. Qh4 Rg8 23. Qxf6+ Rg7 24. Rh5 Rag8 25. Qxd4 Bc6 26. axb5 Bxb5 27. Rf1
Qd8 28. Rd5 Qe7 29. Rf6 Rc8 30. Rfd6 Re8 31. e5 Rg6 32. e6+ f6 33. Be4 Rg7 34.
Kg2 Reg8 35. Rh5 Re8 36. Rh6 Rf8 37. Rh5 Re8 38. Bc6 Bxc6+ 39. Rxc6 Qb7 40. Qb6
Qxb6 41. Rxb6 Rge7 42. Rxa6 Rxe6 43. Rxe6 Rxe6 44. Rc5 Re2+ 45. Kf3 Rxh2 46.
Rxc4 Kg7 47. Rc7+ Kg6 48. c4 Kf5 49. Re7 Rc2 50. g4+ Kg6 51. Rc7 f5 1/2-1/2

[Event "Open Semana Santa 2023"]
[Site "?"]
[Date "2023.04.06"]
[Round "3.135"]
[White "Anton Ortiz, Carlos"]
[Black "Martinez Rodriguez, Francisco Sa"]
[Result "1-0"]
[WhiteElo "1668"]
[BlackElo "2004"]
[PlyCount "109"]

1. d4 d5 2. Nf3 Nf6 3. c4 e6 4. g3 Be7 5. Bg2 O-O 6. Nc3 c6 7. O-O Nbd7 8. Qb3
b6 9. Bg5 Bb7 10. Rac1 c5 11. cxd5 Nxd5 12. Bxe7 Qxe7 13. Rfe1 Rfd8 14. a3 Rac8
15. e4 Nxc3 16. Rxc3 cxd4 17. Rxc8 Bxc8 18. Nxd4 Nc5 19. Qe3 Qd7 20. Nb3 Na4
21. Qe2 Bb7 22. Bf1 h6 23. Qc2 Rc8 24. Qe2 Rd8 25. Qc2 Kf8 26. Be2 Rc8 27. Qb1
Nc5 28. Nxc5 Rxc5 29. Rd1 Qc7 30. Qd3 Rc1 31. Kg2 Rxd1 32. Bxd1 Ke7 33. f3 Qc1
34. Qc2 Qxc2+ 35. Bxc2 Kd6 36. Kf2 Kc5 37. Ke3 Kc4 38. g4 e5 39. h4 Bc8 40. h5
a6 41. Kd2 b5 42. b3+ Kd4 43. b4 Be6 44. Bd1 Ba2 45. Bc2 Kc4 46. Bd1 Bb3 47.
Be2+ Kd4 48. Bf1 Bc4 49. Bh3 Bd3 50. Bg2 Bc4 51. Bh3 Be6 52. Bf1 g6 53. g5 f6
54. gxf6 Bg8 55. hxg6 1-0

[Event "Open Semana Santa 2023"]
[Site "?"]
[Date "2023.04.06"]
[Round "3.136"]
[White "Pintor Avila, Antonio"]
[Black "Lorenzo Calvo, Damian Angel"]
[Result "0-1"]
[WhiteElo "1656"]
[BlackElo "1997"]
[PlyCount "60"]

1. e4 c5 2. Nf3 Nc6 3. Bb5 g6 4. Bxc6 dxc6 5. O-O Bg7 6. d3 Nf6 7. Nc3 O-O 8.
Be3 b6 9. h3 Qc7 10. Qd2 e5 11. a4 Be6 12. b3 Nh5 13. Bh6 Nf4 14. Bxg7 Kxg7 15.
Ne2 Nxe2+ 16. Qxe2 Rae8 17. Qe3 f5 18. Nd2 f4 19. Qe1 f3 20. Nxf3 Rxf3 21. gxf3
Bxh3 22. Kh2 Bxf1 23. Qxf1 Qf7 24. Qe2 Rf8 25. Kg2 Qf4 26. Qe3 h5 27. Rh1 Kh6
28. Rh4 Qg5+ 29. Kh3 Qxe3 30. fxe3 Rxf3+ 0-1

[Event "Open Semana Santa 2023"]
[Site "?"]
[Date "2023.04.06"]
[Round "3.137"]
[White "Chernyshov, Georgii"]
[Black "Deusa Ballesteros, Lucas"]
[Result "0-1"]
[WhiteElo "1652"]
[BlackElo "1997"]
[PlyCount "74"]

1. Nf3 Nf6 2. g3 d5 3. d4 c5 4. Bg2 cxd4 5. Nxd4 e5 6. Nb3 a5 7. a4 Bb4+ 8. Bd2
Be7 9. O-O Be6 10. Na3 Nc6 11. Nb5 O-O 12. c3 h6 13. Be3 Ng4 14. Bc5 Bxc5 15.
Nxc5 Qb6 16. Nxe6 fxe6 17. e3 Nf6 18. Qe2 Rad8 19. c4 Rfe8 20. Rac1 Nb4 21. c5
Qc6 22. Nd6 Re7 23. Qb5 Qxb5 24. axb5 Ne8 25. Nxe8 Rdxe8 26. Rc3 Rc8 27. b6 Rd7
28. Bh3 Kf7 29. Ra1 d4 30. exd4 exd4 31. Rf3+ Ke7 32. Re1 Rc6 33. Bf5 d3 34.
Bg6 Rxc5 35. Rf7+ Kd6 36. Rf3 d2 37. Rd1 Rc1 0-1

[Event "Open Semana Santa 2023"]
[Site "?"]
[Date "2023.04.06"]
[Round "3.138"]
[White "Villar Piriz, Adrian"]
[Black "Molina Molina, Carlos Javier"]
[Result "1-0"]
[WhiteElo "1992"]
[BlackElo "1635"]
[PlyCount "43"]

1. e4 e5 2. Nf3 Nc6 3. Bb5 a6 4. Bxc6 dxc6 5. O-O Bg4 6. h3 h5 7. d3 Qf6 8.
Nbd2 Bd6 9. c3 Bxf3 10. Nxf3 Ne7 11. Qb3 O-O-O 12. Bg5 Qe6 13. Qxe6+ fxe6 14.
Bxe7 Bxe7 15. Nxe5 Rhe8 16. Rad1 Bd6 17. Ng6 Rd7 18. e5 Be7 19. Nf4 Bg5 20.
Nxh5 Red8 21. f4 Bh4 22. Rf3 1-0

[Event "Open Semana Santa 2023"]
[Site "?"]
[Date "2023.04.06"]
[Round "3.139"]
[White "Advaitt Srikant Koduri"]
[Black "Lloret Mauri, Jaime"]
[Result "1/2-1/2"]
[WhiteElo "1630"]
[BlackElo "1989"]
[PlyCount "120"]

1. d4 e6 2. Nf3 d5 3. Bf4 c5 4. c3 Qb6 5. Qb3 Nc6 6. e3 Nf6 7. Nbd2 Bd7 8. Be2
h6 9. O-O Qxb3 10. axb3 Nh5 11. Be5 Nxe5 12. Nxe5 Nf6 13. Nxd7 Kxd7 14. Ra2 Kc7
15. Rfa1 Kb6 16. Ra5 Nd7 17. dxc5+ Bxc5 18. b4 Bd6 19. e4 Bf4 20. Rd1 Nf6 21.
exd5 Nxd5 22. Nc4+ Kc7 23. g3 b6 24. Ra2 Bg5 25. Rda1 Kb8 26. Bf3 Bd8 27. Ne5
Bc7 28. Nc6+ Kb7 29. Nxa7 Bb8 30. Nb5 Rxa2 31. Rxa2 Kc8 32. Ra8 Rd8 33. Kf1 g6
34. Ke2 f5 35. Bxd5 Rxd5 36. c4 Re5+ 37. Kd2 Kb7 38. Ra3 f4 39. Rd3 Re4 40. b3
fxg3 41. hxg3 h5 42. Re3 Rxe3 43. Kxe3 Kc6 44. Nd4+ Kd7 45. Ke4 Bd6 46. b5 g5
47. Nf3 Be7 48. Ne5+ Kd6 49. b4 h4 50. gxh4 gxh4 51. Nd3 h3 52. Kf3 Bh4 53. c5+
bxc5 54. bxc5+ Kd5 55. b6 Kc6 56. Ne5+ Kb7 57. Ng4 Be7 58. Kg3 Bxc5 59. Kxh3
Bxf2 60. Nxf2 Kxb6 1/2-1/2

[Event "Open Semana Santa 2023"]
[Site "?"]
[Date "2023.05.06"]
[Round "3.140"]
[White "Rossello Sanchez, Bartolome"]
[Black "Nazarov, Alexander"]
[Result "0-1"]
[WhiteElo "1629"]
[BlackElo "1982"]
[PlyCount "120"]

1. d4 Nf6 2. Bf4 e6 3. e3 d5 4. Nf3 Bd6 5. Bg3 c5 6. Nbd2 Nc6 7. c3 O-O 8. Bd3
b6 9. e4 dxe4 10. Nxe4 Nxe4 11. Bxe4 Bb7 12. Qa4 Rc8 13. dxc5 Bxg3 14. hxg3 f5
15. Bc2 bxc5 16. Qb3 Qe7 17. O-O-O c4 18. Qxc4 Ne5 19. Qe2 Nxf3 20. gxf3 Rfe8
21. Rh4 Qc5 22. Qe3 Re7 23. Rd8+ Kf7 24. Qxc5 Rxc5 25. Rxh7 Bxf3 26. Rhh8 Re5
27. Bd1 Re1 28. Kc2 Bd5 29. b3 Rh1 30. Bh5+ g6 31. Rdf8+ Kg7 32. Rfg8+ Kf6 33.
Rxg6+ Ke5 34. f4+ Kd6 35. Rgg8 Rh2+ 36. Kc1 Rc7 37. Rd8+ Kc5 38. c4 Be4 39. Rd2
Rh3 40. b4+ Kxb4 41. Rb8+ Kxc4 42. Be2+ Kc5 43. Rb3 Rh1+ 44. Bd1 Bd5 45. Rc3+
Kd6 46. Rxc7 Kxc7 47. Kb2 Rg1 48. Rd3 Rg2+ 49. Bc2 Kb6 50. Rc3 Be4 51. Kb3
Bxc2+ 52. Rxc2 Rxg3+ 53. Rc3 Rxc3+ 54. Kxc3 Kc5 55. Kd3 Kd5 56. Ke3 Kc4 57. a3
Kc3 58. Ke2 Kd4 59. Kf3 Kd3 60. a4 a5 0-1

[Event "Open Semana Santa 2023"]
[Site "?"]
[Date "2023.04.06"]
[Round "3.141"]
[White "Morato Tent, Francisco"]
[Black "Perez Pinazo, Jose Oscar"]
[Result "1-0"]
[WhiteElo "1975"]
[BlackElo "1612"]
[Annotator "Usuario"]
[PlyCount "105"]

1. e4 c6 2. d4 d5 3. e5 Bf5 4. Ne2 e6 5. Ng3 Bg6 6. h4 h6 7. h5 Bh7 8. Bd3 Bxd3
9. Qxd3 Nd7 10. O-O c5 11. c3 Ne7 12. a3 Nc6 13. Be3 Be7 14. f4 Qb6 15. b4 cxd4
16. cxd4 f5 17. Nc3 O-O 18. Rf3 Kh7 19. Nxd5 Qd8 20. Nc3 Ndxe5 21. fxe5 Nxe5
22. Qd2 Nxf3+ 23. gxf3 f4 24. Bxf4 Bd6 25. Bxd6 Qxd6 26. Nce4 Qd5 27. Qd3 Kh8
28. Kg2 e5 29. Rd1 exd4 30. Qxd4 Qa2+ $11 31. Rd2 Qxa3 32. Rd3 Qa2+ 33. Qf2 Qb1
34. Rd4 Rac8 35. Rd2 Qxb4 36. Qxa7 Ra8 37. Qf2 Ra3 38. Rb2 Qe7 39. f4 Qh4 40.
Qc5 Rfa8 41. Qc7 Qg4 42. f5 Qf3+ 43. Kh2 Ra2 $11 44. Qxb7 Rxb2+ 45. Qxb2 Ra3
46. f6 gxf6 47. Qb8+ Kg7 48. Qc7+ Kf8 49. Qc8+ Kf7 50. Qd7+ Kf8 51. Qc8+ Kf7
52. Nd6+ Ke7 53. Ngf5+ 1-0

[Event "Open Semana Santa 2023"]
[Site "?"]
[Date "2023.04.06"]
[Round "3.142"]
[White "Prochaieva, Tina"]
[Black "Pardo Ruiz, Carlos"]
[Result "0-1"]
[WhiteElo "1627"]
[BlackElo "1972"]
[PlyCount "110"]

1. d4 d5 2. Nf3 e6 3. c4 c6 4. Nc3 dxc4 5. a4 Bb4 6. e3 b5 7. Bd2 a5 8. axb5
Bxc3 9. Bxc3 cxb5 10. b3 Bb7 11. bxc4 b4 12. Bb2 Nf6 13. c5 O-O 14. Bb5 Qc7 15.
h3 Bd5 16. Qe2 Nbd7 17. O-O Rfb8 18. Nd2 Qb7 19. Ba4 Bxg2 20. Rfc1 Bc6 21. Kh2
Qc7+ 22. f4 Bxa4 23. Rxa4 Qc6 24. Rca1 Qc7 25. Nc4 Ne4 26. Rxa5 Rxa5 27. Rxa5
Ndf6 28. Nb6 Nd5 29. Nc4 Nec3 30. Qd2 Ne4 31. Qc1 Qd8 32. Ra7 Qh4 33. Qg1 Ndf6
34. Ne5 Nd2 35. Qg2 Qe1 36. Qg1 Nf1+ 37. Kh1 Ne4 38. Ng4 Qh4 39. Qg2 Nfg3+ 40.
Kh2 Qh5 41. Nf2 Nxf2 42. Qxf2 Ne4 43. Qg2 Qd5 44. Ra1 g6 45. Rc1 Rc8 46. Qe2
Nf6 47. Rc4 b3 48. Rb4 Ne4 49. Qc4 Qh5 50. Qf1 Nd2 51. Qf2 Qd1 52. Qg2 Nf1+ 53.
Kh1 Nxe3+ 54. Qg1 Qf3+ 55. Kh2 Nf1+ 0-1

[Event "Open Semana Santa 2023"]
[Site "?"]
[Date "2023.04.06"]
[Round "3.143"]
[White "Kiryttopoulos, Ioannis"]
[Black "Movsisyan, Tigran"]
[Result "1/2-1/2"]
[WhiteElo "1620"]
[BlackElo "1968"]
[PlyCount "95"]
[EventDate "2023.??.??"]

1. e4 c5 2. Nf3 Nc6 3. d4 cxd4 4. Nxd4 Nf6 5. Nc3 e5 6. Nf5 d6 7. Bg5 Bxf5 8.
exf5 Be7 9. Bc4 O-O 10. h4 e4 11. Qd2 Qd7 12. Bxf6 Bxf6 13. g4 Bxc3 14. Qxc3 d5
15. O-O-O d4 16. Qd2 Rfd8 17. Qf4 Na5 18. Bb3 Nxb3+ 19. axb3 Qd5 20. Rhe1 Re8
21. f6 Rac8 22. c4 b5 23. Qg5 Qxg5+ 24. hxg5 d3 25. Kb1 bxc4 26. bxc4 h6 27.
gxh6 gxf6 28. Re3 Re5 29. b3 Kh7 30. f3 Kxh6 31. fxe4 Rce8 32. Rdxd3 Kg5 33.
Rf3 Rxe4 34. Rf5+ Kg6 35. Rdf3 R8e6 36. R3f4 Rxf4 37. Rxf4 Kg5 38. Rd4 Re7 39.
b4 f5 40. gxf5 Kxf5 41. c5 Ke5 42. Rd2 Rb7 43. Rb2 Kd5 44. Kc2 f5 45. Kc3 f4
46. Rd2+ Ke4 47. c6 Rc7 48. Rd4+ 1/2-1/2

[Event "Open Semana Santa 2023"]
[Site "?"]
[Date "2023.04.06"]
[Round "3.144"]
[White "Lobo Pereira, Arami"]
[Black "Menendez Osorio, Carmen"]
[Result "1/2-1/2"]
[WhiteElo "1961"]
[BlackElo "1581"]
[PlyCount "77"]

1. d4 Nf6 2. c4 c5 3. d5 e6 4. Nc3 exd5 5. cxd5 g6 6. e4 d6 7. f4 Bg7 8. Bb5+
Nfd7 9. a4 O-O 10. Nf3 Na6 11. O-O Nc7 12. Bc4 Re8 13. Re1 a6 14. Bd3 Rb8 15.
a5 b5 16. axb6 Nxb6 17. Be3 f5 18. Bf2 fxe4 19. Bh4 Qd7 20. Bxe4 Qf7 21. Rc1
Bg4 22. h3 Qxf4 23. hxg4 Bxc3 24. Bg5 Qxg4 25. Rxc3 Rxe4 26. Rxe4 Qxe4 27. Re3
Qf5 28. Qd2 Nbxd5 29. Rd3 Rb4 30. Bd8 Re4 31. Bxc7 Nxc7 32. Rxd6 Re6 33. Rd7
Nb5 34. Rd8+ Kg7 35. Qd7+ Kh6 36. Qd2+ Kg7 37. Qd7+ Kh6 38. Qd2+ Kg7 39. Qd7+
1/2-1/2

[Event "Open Semana Santa 2023"]
[Site "?"]
[Date "2023.04.06"]
[Round "3.145"]
[White "Rodriguez Bittar, Karim Javier"]
[Black "Pousada Estevez, Daniel"]
[Result "0-1"]
[WhiteElo "1959"]
[BlackElo "1580"]
[PlyCount "140"]

1. e4 g6 2. Nc3 Bg7 3. g3 d6 4. Bg2 Nf6 5. d3 Nbd7 6. Nge2 O-O 7. O-O c5 8. h3
a6 9. f4 e6 10. g4 Qb6 11. Kh1 h5 12. g5 Ne8 13. f5 Bxc3 14. bxc3 Ng7 15. f6
Ne8 16. Nf4 Ne5 17. d4 Nc6 18. Nxh5 cxd4 19. Nf4 Kh7 20. cxd4 Qxd4 21. Qxd4
Nxd4 22. c3 Nc6 23. Rd1 e5 24. Nd5 Be6 25. a4 Rh8 26. Be3 Kg8 27. Kh2 Rh5 28.
Kg3 Na5 29. Ne7+ Kf8 30. h4 Nc4 31. Bf2 Rd8 32. Bf3 Rh8 33. Rab1 Rd7 34. h5
gxh5 35. Rh1 Nd2 36. Rb6 h4+ 37. Kg2 h3+ 38. Kg3 h2 39. Bg2 Rh5 40. Rb2 Rxg5+
41. Kxh2 Nc4 42. Rbb1 Nxf6 43. Nd5 Nxd5 44. exd5 Bf5 45. Rb4 Rh5+ 46. Kg1 Rxh1+
47. Bxh1 Bd3 48. Be4 Bxe4 49. Rxc4 Bxd5 50. Rh4 f5 51. Rh8+ Kg7 52. Re8 Kg6 53.
Bb6 e4 54. Be3 Bc6 55. Kf2 Bxa4 56. Kg3 Rc7 57. Re6+ Kf7 58. Rxd6 Rxc3 59. Kf4
Bc6 60. Rh6 a5 61. Rh7+ Kg6 62. Re7 a4 63. Bd4 Rf3+ 64. Ke5 e3 65. Re6+ Kg5 66.
Bc5 e2 67. Be7+ Kh5 68. Kf6 Be4 69. Kg7 Rg3+ 70. Kh7 e1=Q 0-1

[Event "Open Semana Santa 2023"]
[Site "?"]
[Date "2023.04.06"]
[Round "3.146"]
[White "Borisova Douchkova, Vanesa"]
[Black "Donate Moreno, David"]
[Result "1-0"]
[WhiteElo "1617"]
[BlackElo "1958"]
[PlyCount "119"]
[EventDate "2023.??.??"]

1. d4 Nf6 2. c4 c5 3. d5 b5 4. cxb5 a6 5. e3 g6 6. Nc3 Bg7 7. Nf3 O-O 8. a4 d6
9. Ra3 Nbd7 10. Be2 axb5 11. Bxb5 Ba6 12. Bxa6 Rxa6 13. O-O Qa8 14. b3 Rc8 15.
e4 Nb6 16. Nd2 Nfd7 17. Ndb1 c4 18. b4 Ne5 19. a5 Nbd7 20. Qa4 Nb6 21. Qb5 Nbd7
22. Qa4 Rc7 23. Nb5 Rb7 24. N1c3 Nd3 25. Bd2 Nb6 26. axb6 Rxa4 27. Rxa4 Qd8 28.
Be3 Ne5 29. Rfa1 Nd7 30. Ra7 Rb8 31. b7 f5 32. Ra8 Bxc3 33. Nxc3 Qc7 34. R1a7
Kf7 35. Nb5 Qd8 36. Nd4 Ne5 37. Rxb8 Qxb8 38. Nc6 Nxc6 39. dxc6 Qh8 40. Ra8 Qc3
41. h3 f4 42. b8=Q Qe1+ 43. Kh2 fxe3 44. Qf8+ Ke6 45. c7 exf2 46. c8=Q+ Ke5 47.
Qxe7+ Kd4 48. Qxd6+ Kc3 49. Qh8+ Kb3 50. Rf8 Qg1+ 51. Kg3 f1=Q 52. Rxf1 Qxf1
53. Qdf6 Qe1+ 54. Qf2 Qxb4 55. Qhb2+ Ka4 56. Qxb4+ Kxb4 57. e5 c3 58. e6 h5 59.
e7 h4+ 60. Kh2 1-0